Kirby Airs Riders - Personnages - Statistiques

Statistiques générales
  • Ce quiz a été pris 13 fois
    5 depuis la dernière actualisation
  • Le résultat moyen est 12 sur 21
Statistiques - réponses
Par images Réponse % Correct
Kirby
100%
Meta Knight
100%
Roi Dadidou
100%
Waddle Dee
100%
Magolor
75%
Waddle Doo
75%
Bandana Waddle Dee
50%
Chef Kawasaki
50%
Choiroc
50%
Desroches
50%
Gooey
50%
Knuckle Joe
50%
Lololo & Lalala
50%
Max
50%
Rick
50%
Susie
50%
Taranza
50%
Cappenois
25%
DaDiDou Noir
25%
Scarfy
25%
Starman
25%
Aucun quiz correspondant
Distribution des résultats
% des personnes avec chaque résultat
Percentile par nombre de réponses
Votre historique - résultats
Vous n’avez pas pris ce quiz depuis la dernière actualisation